[Event "Chigorin Memorial 27th"]
[Site "St Petersburg"]
[Date "2019.10.13"]
[Round "9"]
[White "Lezin, Aleksandr"]
[Black "Kiselev, Viktor"]
[Result "0-1"]
[WhiteElo "1307"]
[BlackElo "1773"]
[PlyCount "52"]
[EventDate "2019.10.05"]
[EventType "swiss"]
[EventRounds "9"]
[EventCountry "RUS"]
[SourceTitle "EXT 2021"]
[Source "ChessBase"]
[SourceDate "2020.10.23"]
[SourceVersion "1"]
[SourceVersionDate "2020.10.23"]
[SourceQuality "1"]

1. e4 c5 2. d4 cxd4 3. c3 dxc3 4. Nxc3 Nc6 5. Nf3 d6 6. Bc4 e6 7. 0-0 Be7 8. Qe2 a6 9. Rd1 Bd7 10. Bf4 e5 11. Be3 Nf6 12. h3 0-0 13. Rac1 Rc8 14. Ne1 Kh8 15. f4 exf4 16. Bxf4 Ne5 17. Bb3 Qe8 18. Nf3 Nxf3+ 19. Qxf3 Rc6 20. Rc2 Qc8 21. Rcd2 Qb8 22. Qe2 Bc8 23. Bc2 Rg8 24. Nd5 Bd8 25. e5 Nxd5 26. Rxd5 Be6 0-1

[Event "Kaliningrad Amateur U20"]
[Site "Kaliningrad"]
[Date "2019.06.15"]
[Round "4.2"]
[White "Lezin, Aleksandr"]
[Black "Gavrilov, Maxim"]
[Result "0-1"]
[WhiteElo "1354"]
[BlackElo "1777"]
[PlyCount "81"]
[EventDate "2019.06.13"]
[EventType "swiss"]
[EventRounds "9"]
[EventCountry "RUS"]
[SourceTitle "EXT 2022"]
[Source "ChessBase"]
[SourceDate "2021.10.06"]
[SourceVersion "1"]
[SourceVersionDate "2021.10.06"]
[SourceQuality "1"]

1. e4 c5 2. Nf3 d6 3. Bc4 e6 4. 0-0 Nc6 5. c3 g6 6. d4 cxd4 7. cxd4 Bg7 8. d5 Ne5 9. Nxe5 Bxe5 10. Nc3 Nf6 11. f4 Qb6+ 12. Kh1 Bxc3 13. bxc3 Nxe4 14. Qf3 Nc5 15. Be3 0-0 16. Bd4 Qc7 17. Qg3 Ne4 18. Qd3 Nd2 19. Qxd2 Qxc4 20. dxe6 fxe6 21. Rf3 Bd7 22. Rg3 Bc6 23. Qc2 Rf5 24. Re1 b6 25. h3 Raf8 26. Qb1 Bd5 27. a3 Qb3 28. Qxb3 Bxb3 29. Be3 Rc8 30. Bc1 Rcc5 31. Bd2 Bd5 32. Rb1 Be4 33. Rb2 Ra5 34. Re3 d5 35. Ra2 Rb5 36. Re1 Kf7 37. Kg1 Ke7 38. Kf2 Kd6 39. g3 Bb1 40. Ra1 Rb2 41. Ke3 0-1